Ľudské zdroje v kreatívnom priemysle

Skúmanie sústavy odborného vzdelania pre potreby kreatívneho priemyslu, stav prípravy odborníkov v sfére kreatívnych činností a uspokojenie potrieb praxe v kreatívnych a pripravených pracovníkoch. Analyza požiadaviek organizácií kreatívneho priemyslu na odborné vzdelanie, kvalifikáciu a osobnostné v...

Descrizione completa

Salvato in:
Dettagli Bibliografici
Autore principale: Krajňáková, Emília
Natura: Capitolo di libro
Lingua:slovacco
Soggetti:
Tags: Aggiungi Tag
Nessun Tag, puoi essere il primo ad aggiungerne!!

MARC

LEADER 00000naa a2200000 4500
001 0161633
005 20220321095636.6
041 0 |a slo 
044 |a SK 
245 1 0 |a Ľudské zdroje v kreatívnom priemysle  |c Emília Krajňáková 
520 |a Skúmanie sústavy odborného vzdelania pre potreby kreatívneho priemyslu, stav prípravy odborníkov v sfére kreatívnych činností a uspokojenie potrieb praxe v kreatívnych a pripravených pracovníkoch. Analyza požiadaviek organizácií kreatívneho priemyslu na odborné vzdelanie, kvalifikáciu a osobnostné vlastností pracovníkov v sfére kreatívnych činností. Sociálne, ekonomické a inštitucionálne podmienky výchovy a vzdelávania pracovníkov pre potreby odvetví kreatívneho priemyslu, spôsoby a zdroje ich vyhľadávania a zamestnávania. Sústava ekonomických, sociálnych a organizačných faktorov, ktoré najvýraznejšie ovplyvňujú aktuálny stav a trendy v sfére vzdelávania a prípravy pracovníkov pre oblasť kreatívnych činnosti. 
610 2 0 |a ekonomika kreatívna 
610 2 0 |a zdroje ľudské 
610 2 0 |a politika priemyselná 
610 2 0 |a vzdelávanie 
100 1 |a Krajňáková, Emília